Asian Geography By Letter N - Picture Quiz - Statistics

General Stats
  • This quiz has been taken 420 times
  • The average score is 6 of 18
Answer Stats
Picture Hint Answer % Correct
(country) Nepal
98%
(country) North Korea
88%
(former country North Vietnam
74%
(spice) Nutmeg
59%
(city) New Delhi
45%
(capital) Nur-Sultan
45%
(desert) Negev
40%
(city) Nazareth
30%
(region) Nagorno-Karabakh
29%
(oblast) Novosibirsk
29%
(capital) Nicosia
24%
(island) Negros
19%
(state) Nagaland
17%
(autonomous region) Ningxia
13%
(ancient city) Nineveh
11%
(river) Narmada
10%
(currency) Ngultrum
9%
(autonomous republic) Nakhchivan
7%
No matching quizzes found
Score Distribution
Percent of People with Each Score
Percentile by Number Answered
Your Score History
You have not taken this quiz